| 000 | 00815nas a2200265Ia 4500 | ||
|---|---|---|---|
| 001 | A50//R028-4032 [r000001153] | ||
| 003 | IT-MiCISF | ||
| 008 | 161014c99999999xx |||||||||||| ||und|| | ||
| 040 |
_aIT-MiCISF _cIT-MiCISF |
||
| 041 | _aITALIANO | ||
| 100 | _aCampanini Giorgio | ||
| 210 | _aLa famiglia | ||
| 222 | _aLa famiglia | ||
| 245 | 0 | _aCrisi della famiglia? | |
| 250 | _a1a ed. | ||
| 260 | _c1986 | ||
| 501 |
_bCISF - Centro Internazionale Studi Famiglia - Via Giotto, 36 20145 MILANO (non commercial uses only) _cCopyright 2016 |
||
| 300 | _a pp. 5-12 | ||
| 362 | _a117, mag-giu. [1986] | ||
| 500 | _a Tema: famiglia, matrimonio, divorzio, procreazione, funzione-famiglia, crisi-famiglia | ||
| 650 |
_aFAMIGLIA _varticolo |
||
| 700 | _aAA.VV. | ||
| 942 | _cCR | ||
| 957 | _71 | ||
| 999 |
_a4032 _bSi _g1 _c221997 _d221997 |
||